| 000 | 01037nam a22003377a 4500 | ||
|---|---|---|---|
| 001 | 0024396 | ||
| 003 | KOHA_MİRAKIL | ||
| 005 | 20260207002438.0 | ||
| 007 | ta | ||
| 008 | 101112b tu |||gr||||#0|||0|tur | | ||
| 020 |
_a9755916365 _c11,89 |
||
| 040 |
_aTR-BiSEU _btur _cTR-BiSEU _erda |
||
| 041 | 0 | _atur | |
| 044 | _ctu | ||
| 050 |
_aQA374 _b.D82 [t.y.] |
||
| 100 | 1 | _aDuChateau, Paul. | |
| 245 | 1 |
_aKısmi diferansiyel denklemler teori ve problemleri/ _cPaul DuChateau ; Paul DuChateau, David W. Zachmann; Türkçesi H. Hilmi Hacısalihoğlu. |
|
| 264 | 1 |
_aAnkara : _bNobel _c[t.y.] |
|
| 300 | _a240 sayfa; 27 cm. | ||
| 336 |
_ametin _btxt _2rdacontent |
||
| 337 |
_aaracısız _bn _2rdamedia |
||
| 338 |
_acilt _bnc _2rdacarrier |
||
| 490 | 1 |
_aNobel yayınları ; _vNo. |
|
| 490 | 1 | _a385 | |
| 500 | _aDizin var. | ||
| 650 | 0 |
_aDiferansiyel denklemler--Problemler, alıştırmalar, vb. _949819 |
|
| 830 | 1 |
_aNobel yayınları ; _vNo. _91490 |
|
| 830 | 1 |
_a385 _949820 |
|
| 907 | _aDers Kitabı | ||
| 942 |
_2lcc _cBK |
||
| 999 |
_c24348 _d24348 |
||